000 00711nam a2200193 a 4500
001 BRCA_1667
005 20190320203512.0
008 020508s1973----sp-a---###---#000-0#eng-#
050 4 _aN2030
_b.M87 1973
245 1 0 _aLe Museé du Louvre
_bGuide General
_cMarie-Thérèse Barrelet et Gérard Hubert assistants des Musées Nationaux ; translated by Miss D. M. Windett.
260 _aParis
_bL´ Indispensable
_c1973
300 _a228 p.
_bil. blanco y negro
_c15 cm.
610 2 4 _aMuseé du Louvre
_vGuías
_95197
650 1 4 _aMuseos de arte
_vGuías
_zFrancia - Paris
_95198
700 1 _aBarrelet, Marie-Thérèse
_95199
700 1 _aHubert, Gérard
_95200
700 1 _aWindett, Miss D. M
_95201
942 _2lcc
_cB
999 _c1463
_d1463